Stepford County Railway Station Codes - Statistics

General Stats
  • This quiz has been taken 37 times
    26 since last reset
  • The average score is 47 of 68
Answer Stats
Hint Answer % Correct
STV Stepford Victoria
100%
FNQ Financial Quarter
95%
LTC Leighton City
95%
NRY Newry
95%
MTD Morganstown Docks
86%
CHP City Hospital
81%
SAC Stepford Airport Central
81%
SCN Stepford Central
81%
SAZ Airport Terminal 3
76%
BDN Bodin
76%
FAR Farleigh
76%
FAY Faymere
76%
LSR Leighton Stepford Road
76%
LYN Llyn-by-the-Sea
76%
RLB Rayleigh Bay
76%
STE Stepford East
76%
UFC Stepford United Football Club
76%
WYV Westwyvern
76%
SAX Airport Terminal 2
71%
SAW Airport West
71%
BEN Benton
71%
GNS Greenslade
71%
JST James Street
71%
LTW Leighton West
71%
MRC Millcastle Racecourse
71%
MGT Morganstown
71%
PBN Port Benton
71%
SHB Saint Helens Bridge
71%
WFD Whitefield
71%
SAO Airport Terminal 1
67%
BNB Benton Bridge
67%
BRY Berrily
67%
CSP Cambridge Street Parkway
67%
EDQ Eden Quay
67%
EMJ Elsemere Junction
67%
EFD Esterfield
67%
FRD Faraday Road
67%
HHG Hampton Hargate
67%
MLC Millcastle
67%
NHW New Harrow
67%
SAP Stepford Airport Parkway
67%
WBN West Benton
67%
WFL Whitefield Lido
67%
WIL Willowfield
67%
APK Ashlan Park
62%
BLP Beaulieu Park
62%
CLY Coxly
62%
EMD Edgemead
62%
EMP Elsemere Pond
62%
HEP Hemdon Park
62%
NRH Newry Harbour
62%
NSE Northshore
62%
RCP Rocket Parade
62%
SHS Stepford High Street
62%
USL Upper Staploe
62%
WTN Water Newton
62%
WST Westercoast
62%
WNG Whitney Green
62%
ALB Aslockby
57%
BCY Beechley
57%
EBR East Berrily
57%
RDV Rosedale Village
57%
STL Starryloch
57%
WHL Woodhead Lane
57%
CLB Carnalea Bridge
52%
CON Connolly
52%
HTR Houghton Rake
52%
AGP Angel Pass
48%
No matching quizzes found
Score Distribution
Percent of People with Each Score
Percentile by Number Answered
Your Score History
You have not taken this quiz since the last reset